000
00279nam a22001337a 4500
003
SGT
020
_a
978-93-5702-068-8
082
_a
954
_b
KAN
100
_a
KANT, AMITABH
245
_a
MADE IN INDIA
260
_a
INDIA
_b
RUPA PUB.
_c
2023
300
_a
224
942
_2
ddc
_c
BK
_0
1
999
_c
26231
_d
26231